<?xml version="1.0" encoding="UTF-8"?>
<marc:record xmlns:marc="http://www.loc.gov/MARC21/slim">
   <marc:leader>00000nam a2200000 a 4500</marc:leader>
   <marc:datafield ind1="1" ind2=" " tag="100">
      <marc:subfield code="a">Springer, Nancy</marc:subfield>
      <marc:subfield code="4">aut</marc:subfield>
      <marc:subfield code="e">Verfasser/-in</marc:subfield>
   </marc:datafield>
   <marc:datafield ind1="1" ind2=" " tag="100">
      <marc:subfield code="a">Mannchen, Nadine</marc:subfield>
      <marc:subfield code="4">trl</marc:subfield>
      <marc:subfield code="e">Übersetzer/-in</marc:subfield>
   </marc:datafield>
   <marc:datafield ind1="0" ind2="0" tag="245">
      <marc:subfield code="a">Der Fall der linkshändigen Lady</marc:subfield>
   </marc:datafield>
   <marc:datafield ind1="0" ind2="0" tag="245">
      <marc:subfield code="c">Nancy Springer ; aus dem Amerikanischen von Nadine Mannchen</marc:subfield>
   </marc:datafield>
   <marc:datafield ind1=" " ind2="1" tag="264">
      <marc:subfield code="a">München</marc:subfield>
      <marc:subfield code="b">Knesebeck</marc:subfield>
   </marc:datafield>
   <marc:datafield ind1="1" ind2=" " tag="490">
      <marc:subfield code="a">Enola Holmes Krimi</marc:subfield>
      <marc:subfield code="v">2</marc:subfield>
   </marc:datafield>
   <marc:datafield ind1=" " ind2=" " tag="250">
      <marc:subfield code="a">Deutsche Erstausgabe</marc:subfield>
   </marc:datafield>
   <marc:datafield ind1="1" ind2=" " tag="520">
      <marc:subfield code="a">Enola versteckt sich in London noch immer vor dem genialsten Detektiv der Welt, ihrem eigenen Bruder Sherlock Holmes, und wartet auf weitere verschlüsselte Nachrichten ihrer Mutter. Als sie zufällig von der verschwundenen Lady Cecily erfährt und in den faszinierenden Kohlzeichnungen der offenbar sehr begabten Künstlerin eine Seelenverwandte erkennt, übernimmt Enola die Ermittlungen. In verschiedenen Verkleidungen auf den dunklen Londoner Straßen unterwegs und immer auf der Hut vor Mördern und Verbrechern, muss Enola die Hinweise entschlüsseln: eine angelehnte Leiter, ein gerissener Verkäufer, politische Flugblätter Um Lady Cecily zu retten, riskiert Enola mehr als sie sollte  und kommt dabei auch ihrem Bruder unerwartet nahe. &lt;br/&gt;&lt;br/&gt; &lt;br/&gt;In diesem spannenden Nachfolger des ersten Bands Der Fall des verschwundenen Lords führt Nancy Springer die Leser zurück in das düstere und gefährliche Viktorianische London und setzt die Abenteuer der schlauen Detektivin Enola Holmes fort.  &lt;br/&gt;&lt;br/&gt; &lt;br/&gt;Der Film Enola Holmes mit Millie Bobby Brown, Henry Cavill und Helena Bonham Carter war 2020 einer der erfolgreichsten Filme auf Netflix!</marc:subfield>
   </marc:datafield>
   <marc:datafield ind1=" " ind2=" " tag="020">
      <marc:subfield code="a">9783957282613</marc:subfield>
      <marc:subfield code="9">9783957282613</marc:subfield>
   </marc:datafield>
   <marc:datafield ind1=" " ind2=" " tag="041">
      <marc:subfield code="a">ger</marc:subfield>
   </marc:datafield>
   <marc:datafield ind1="1" ind2=" " tag="521">
      <marc:subfield code="a">0</marc:subfield>
   </marc:datafield>
   <marc:datafield ind1=" " ind2=" " tag="300">
      <marc:subfield code="a">206 Seiten</marc:subfield>
   </marc:datafield>
</marc:record>
